Ovládanie simulačných modelov senzorom Kinect

Saved in:
Bibliographic Details
Main Author: Špaldoň, Frederik (Author)
Other Authors: Kajan, Slavomír (Thesis advisor)
Format: Manuscript Book
Language:Slovak
Published: 2017
Subjects:
Online Access:http://is.stuba.sk/zp/portal_zp.pl?podrobnosti=131018
Tags: Add Tag
No Tags, Be the first to tag this record!

MARC

LEADER 00000ntm a22000003a 4500
001 stuzp60952
003 SK-STU
005 20170626141156.6
007 ta
008 150427s2015----xo-----f-mn---000-0-slo-d
040 |a STU  |b slo 
041 0 |a slo 
044 |a xo 
100 1 |a Špaldoň, Frederik  |u 031000  |4 aut  |U FEI Fakulta elektrotechniky a informatiky  |T FEI Ústav robotiky a kybernetiky  |X 54019  |U E011  |Y 356  |7 54019 
242 0 1 |a Control of simulation models using Kinect sensor  |y eng 
245 1 0 |a Ovládanie simulačných modelov senzorom Kinect 
260 |c 2017 
300 |a 57 s., príl.,  |b CD-ROM 
650 4 |a konvolučná neurónová sieť  |2 slo 
650 4 |a rozpoznávanie gest  |2 slo 
650 4 |a Matlab  |2 slo 
650 4 |a Neural Network Toolbox  |2 slo 
650 4 |a simulačný model  |2 slo 
650 4 |a Simulink  |2 slo 
650 4 |a Kinect  |2 slo 
650 4 |a convolutional neural network  |2 eng 
650 4 |a gesture recognition  |2 eng 
650 4 |a Neural Network Toolbox  |2 eng 
650 4 |a simulation model  |2 eng 
650 4 |a Matlab  |2 eng 
650 4 |a Simulink  |2 eng 
650 4 |a Kinect  |2 eng 
700 1 |a Kajan, Slavomír  |u 031000  |k Z1  |4 ths  |U FEI Fakulta elektrotechniky a informatiky  |T FEI Ústav robotiky a kybernetiky  |X 4240  |U E011  |Y 356  |7 A000004240 
856 4 |u http://is.stuba.sk/zp/portal_zp.pl?podrobnosti=131018 
996 |b 284EP11603  |c E*DIPL- 11603  |l EE31  |s P  |a 0  |w stuzp60952_0001